[Event "It (open)"]
[Site "masterchessopen.com – Palma de Majorca (Spain)"]
[Date "2008.12.09"]
[Round "4"]
[White "Pons Cristobal (ESP)"]
[Black "Andreu Lopez Santiago (ESP)"]
[Result "1-0"]
[WhiteElo "2137"]
[BlackElo "1983"]

1.d4 Nf6 2.c4 g6 3.Nc3 Bg7 4.e4 d6 5.f3 c6 6.Be3 Qa5 7.a3 Nbd7 8.b4 Qd8 9.Qd2
a5 10.b5 c5 11.Rd1 cxd4 12.Bxd4 O-O 13.Nge2 Nb6 14.Nf4 Be6 15.Ncd5 Nbd7
16.Nxe6 fxe6 17.Nxf6+ Nxf6 18.Be2 Nh5 19.Be3 Qc7 20.O-O e5 21.g3 Rf7 22.c5 Rf6
23.b6 Qc8 24.Qd5+ Kh8 25.Bg5 Rf8 26.Bxe7 Qh3 27.Rf2 Bh6 28.Bf1 Qc8 29.Kg2 Be3
30.Bxf8 Qxf8 31.cxd6 Bxf2 32.Qxe5+ Kg8 33.Bc4+ {#r} 1-0

[Event "It (open)"]
[Site "masterchessopen.com – Saratov (Russia)"]
[Date "2008.12.13"]
[Round "1"]
[White "Iljushin Alexei (RUS)"]
[Black "Nedochetova S (RUS)"]
[Result "1-0"]
[WhiteElo "2564"]
[BlackElo "2095"]

1.d4 Nf6 2.c4 g6 3.Nc3 Bg7 4.e4 d6 5.f3 c6 6.Bd3 Nbd7 7.Nge2 e5 8.d5 O-O 9.Bg5
Qb6 10.Qd2 Nc5 11.Rb1 cxd5 12.cxd5 Nxd3+ 13.Qxd3 Bd7 14.Be3 Qd8 15.a4 Nh5
16.O-O f5 17.Nb5 f4 18.Bf2 Qg5 19.Kh1 Qf6 20.Qa3 Bxb5 21.axb5 b6 22.Rbc1 Qe7
23.Rc6 Rac8 24.Rfc1 Rxc6 25.dxc6 Rc8 26.Nc3 Bf8 27.Nd5 Qf7 28.Qa6 {#r} 1-0

[Event "Czech League 2008/09 (krajsky prebor)"]
[Site "masterchessopen.com – Czech Republic"]
[Date "2008.12.14"]
[Round "5"]
[White "Vorel Bohuslav (CZE)"]
[Black "Janko Jan"]
[Result "0-1"]
[WhiteElo "1739"]
[BlackElo "1783"]

1.d4 d6 2.c4 g6 3.Nc3 Bg7 4.e4 Nf6 5.f3 c6 6.Be3 Qa5 7.Qd2 h5 8.Bd3 Na6 9.Nge2
Nc7 10.O-O Bd7 11.a3 h4 12.Nf4 Ne6 13.b4 Qd8 14.Nxe6 Bxe6 15.Rab1 Nh5 16.Ne2
Bd7 17.Bg5 Bf6 18.Bxf6 exf6 19.d5 Qb6+ 20.Kh1 Kf8 21.a4 a6 22.a5 Qa7 23.Bc2
Kg7 24.Ba4 Ng3+ 25.Nxg3 hxg3 26.c5 Rxh2+ 27.Kg1 {#R} 0-1

[Event "Tournament (Elo) \"]
[Site "masterchessopen.com – Warsaw (Poland)"]
[Date "2009.04.17"]
[Round "2"]
[White "Wojcik Wieslaw (POL)"]
[Black "Sielicki Tomasz (POL)"]
[Result "1-0"]
[WhiteElo "1970"]
[BlackElo "2047"]

1.d4 Nf6 2.c4 g6 3.Nc3 Bg7 4.e4 d6 5.f3 c6 6.Be3 a6 7.Bd3 b5 8.Nge2 bxc4
9.Bxc4 Qa5 10.O-O Nbd7 11.a3 O-O 12.Qd2 Bb7 13.g4 Rfd8 14.g5 Nh5 15.f4 d5
16.exd5 Nb6 17.Ba2 Nxd5 18.Nxd5 cxd5 19.Qxa5 {#r} 1-0

[Event "Cup Croatia (team)"]
[Site "masterchessopen.com – Sibenik (Croatia)"]
[Round "4"]
[White "Franic Milan (CRO)"]
[Black "Gorupec Mladen (CRO)"]
[Result "1-0"]
[WhiteElo "2412"]
[BlackElo "2003"]

1.d4 Nf6 2.c4 g6 3.f3 Bg7 4.e4 d6 5.Nc3 c6 6.Bg5 a6 7.a4 a5 8.Bd3 Na6 9.Nge2
Nb4 10.O-O h6 11.Be3 e5 12.Qd2 O-O 13.Rad1 Kh7 14.Bb1 Qc7 15.Kh1 Bd7 16.f4
Rad8 17.h3 Bc8 18.Rf3 Nd7 19.Rdf1 Nb6 20.b3 f5 21.d5 fxe4 22.Bxe4 Bf5 23.fxe5
dxe5 24.Bxf5 gxf5 25.Rxf5 Rxf5 26.Rxf5 cxd5 27.Bxb6 Qxb6 28.cxd5 Qg6 29.g4 Qd6
30.Rf3 Kg8 31.Ng3 Qb6 32.Nf5 e4 33.Ne7+ Kh7 34.Nxe4 {#r} 1-0

[Event "Zt"]
[Site "masterchessopen.com – Gold Coast (Australia)"]
[Date "2009.06.21"]
[Round "3"]
[White "Goundar Sanmogam (FIJ)"]
[Black "Raicar Gaurav (FIJ)"]
[Result "1-0"]
[WhiteElo "1886"]
[BlackElo "1560"]

1.d4 g6 2.c4 Nf6 3.Nc3 Bg7 4.e4 d6 5.f3 c6 6.Be3 a6 7.Qd2 b5 8.O-O-O Nbd7
9.Bh6 O-O 10.h4 bxc4 11.h5 Qa5 12.Bxg7 Kxg7 13.hxg6 fxg6 14.Qh6+ Kh8 15.Bxc4
Nb6 {#r} 1-0

[Event "Memorial M.Najdorf (open)"]
[Site "masterchessopen.com – Warsaw (Poland)"]
[Date "2009.07.20"]
[Round "3"]
[White "Deszczynski Adam (POL)"]
[Black "Witek Tomasz (POL)"]
[Result "1-0"]
[WhiteElo "2352"]
[BlackElo "2138"]

1.d4 Nf6 2.c4 g6 3.Nc3 Bg7 4.e4 d6 5.f3 c6 6.Be3 a6 7.Qd2 b5 8.O-O-O Nbd7 9.e5
Ng8 10.exd6 exd6 11.Re1 Ne7 12.Bg5 f6 13.Bf4 Nb6 14.Ne4 O-O 15.Nxd6 bxc4
16.Nxc4 Ned5 17.Bg3 Re8 18.Rxe8+ Qxe8 19.Bd3 Be6 20.Ne2 Bf8 21.a3 c5 22.Re1
Qa4 23.Nc3 Nxc3 24.Nxb6 Na2+ 25.Kb1 Qb3 26.Rxe6 {#r} 1-0

[Event "Ch Croatia (team) (2nd league)"]
[Site "masterchessopen.com – Rijeka (Croatia)"]
[Date "2009.10.04"]
[Round "8"]
[White "Oljaca Manuel (CRO)"]
[Black "Tomljanovic Goran (CRO)"]
[Result "0-1"]
[WhiteElo "1975"]
[BlackElo "2129"]

1.d4 g6 2.c4 Bg7 3.Nc3 Nf6 4.e4 d6 5.f3 c6 6.Be3 Nbd7 7.Nge2 Qa5 8.Nc1 a6
9.Nb3 Qc7 10.Qd2 b5 11.cxb5 axb5 12.Rc1 Qb7 13.d5 cxd5 14.Nxb5 O-O 15.Rc7 Qb8
16.Ba7 Rxa7 17.Rxa7 dxe4 18.Qa5 exf3 19.Ra8 Qb7 20.Bd3 fxg2 21.Rg1 Ne5 22.Be2
Nf3+ 23.Bxf3 Qxf3 24.N5d4 Qe4+ 25.Ne2 Nd5 26.Nd2 Qh4+ 27.Kd1 Ne3+ 28.Kc1 Bh3
29.Rd1 Nxd1 30.Kxd1 Bg4 31.Rxf8+ Bxf8 32.Qa7 Qxh2 33.Ke1 Bxe2 {#R} 0-1

[Event "Tournament (Elo) \"]
[Site "masterchessopen.com – Warsaw (Poland)"]
[Date "2009.10.06"]
[Round "1"]
[White "Liberadzki Slawomir (POL)"]
[Black "Sielicki Tomasz (POL)"]
[Result "1-0"]
[WhiteElo "1961"]
[BlackElo "2047"]

1.e4 d6 2.d4 Nf6 3.f3 g6 4.c4 Bg7 5.Nc3 c6 6.Be3 a6 7.Qd2 b5 8.O-O-O bxc4
9.Bxc4 a5 10.Bb3 Be6 11.Bxe6 fxe6 12.Bh6 Bxh6 13.Qxh6 Na6 14.e5 Nd5 15.Qg7 Rf8
16.Qxh7 Rb8 17.Nge2 Ne3 18.Rd3 Qb6 19.Na4 Qb4 20.Qxg6+ Kd7 21.Rxe3 Qxa4 22.Ra3
Qb5 23.Qc2 Nb4 24.Qd2 Nd3+ 25.Rxd3 {#r} 1-0

[Event "Ch World (juniors) (under 14) (g)"]
[Site "masterchessopen.com – Kemer (Turkey)"]
[Date "2009.11.13"]
[Round "2"]
[White "Korban Katrina (EST)"]
[Black "Baekelant Eva (BEL)"]
[Result "0-1"]
[WhiteElo "1751"]
[BlackElo "1921"]

1.c4 Nf6 2.Nc3 g6 3.d4 Bg7 4.e4 d6 5.f3 c6 6.Be3 a6 7.Qd2 b5 8.O-O-O Qa5 9.Kb1
Nbd7 10.g4 Nb6 11.c5 b4 12.cxb6 bxc3 13.Qxc3 Qxb6 14.h4 h6 15.Rh2 Bb7 16.Rc2
Nd7 17.Ne2 h5 18.g5 Rc8 19.Bh3 Qc7 20.Qa3 Rb8 21.Rg1 O-O 22.f4 c5 23.d5 Nb6
24.f5 Bc8 25.Nf4 Bd7 {#R} 0-1

[Event "It (open)"]
[Site "masterchessopen.com – Palma de Majorca (Spain)"]
[Date "2009.11.24"]
[Round "5"]
[White "Schmidt Jade (GER)"]
[Black "Wallace Paul (IRL)"]
[Result "0-1"]
[WhiteElo "2012"]
[BlackElo "2238"]

1.d4 Nf6 2.c4 g6 3.Nc3 Bg7 4.e4 d6 5.f3 c6 6.Bg5 h6 7.Be3 a6 8.Qd2 b5 9.Bd3
Nbd7 10.Nge2 h5 11.Rc1 Bb7 12.b3 O-O 13.O-O e5 14.cxb5 axb5 15.d5 cxd5 16.Nxb5
d4 17.Bg5 Qb6 18.Kh1 Nc5 19.Bxf6 Bxf6 20.Nxd6 Qxd6 21.Qb4 Be7 22.Rxc5 Ba6
23.Bxa6 Qxa6 24.Qc4 Bxc5 {#R} 0-1

[Event "Memorial Kopylov (cat.4)"]
[Site "masterchessopen.com – Ufa (Russia)"]
[Date "2009.12.19"]
[Round "5"]
[White "Dolomatov Nikolai (RUS)"]
[Black "Kalegin Evgenij (RUS)"]
[Result "1-0"]
[WhiteElo "2246"]
[BlackElo "2489"]

1.d4 Nf6 2.c4 g6 3.Nc3 Bg7 4.e4 d6 5.f3 c6 6.Be3 a6 7.Bd3 b5 8.e5 Nfd7 9.f4
bxc4 10.Bxc4 Nb6 11.Bb3 a5 12.Nf3 O-O 13.O-O Ba6 14.e6 Bxf1 15.exf7+ Kh8
16.Qxf1 d5 17.f5 gxf5 18.Ng5 Qd7 19.Qf3 e6 20.Qh5 h6 21.Qg6 {#r} 1-0

[Event "Ch Provinciale CO"]
[Site "masterchessopen.com – Villa Guardia (Italy)"]
[Date "2010.01.23"]
[Round "1"]
[White "Liscio Giovanni (ITA)"]
[Black "Corti Filippo (ITA)"]
[Result "1-0"]
[WhiteElo "2040"]
[BlackElo "1706"]

1.d4 Nf6 2.c4 g6 3.Nc3 Bg7 4.e4 d6 5.f3 c6 6.Be3 a6 7.Bd3 b5 8.Nge2 b4 9.Na4
a5 10.O-O O-O 11.Rc1 Nbd7 12.c5 d5 13.e5 Ne8 14.f4 e6 15.h3 Ba6 16.g4 Bxd3
17.Qxd3 Nc7 18.Kh2 Nb5 19.Rg1 f6 20.Rcf1 fxe5 21.fxe5 Qc7 22.Kg2 Bxe5 23.dxe5
Nxe5 24.Qc2 Nc4 25.Bh6 Qe5 26.Qd3 Rfd8 27.b3 Nb2 28.Nxb2 Qxb2 29.Qf3 Nd4
30.Qf7+ {#r} 1-0

[Event "Ch Europe (seniors) (team)"]
[Site "masterchessopen.com – Dresden (Germany)"]
[Date "2010.02.11"]
[Round "2"]
[White "Felser Franz (GER)"]
[Black "Kluger Hans-Peter (GER)"]
[Result "1-0"]
[WhiteElo "2093"]
[BlackElo "1940"]

1.c4 g6 2.Nc3 Bg7 3.d4 Nf6 4.e4 d6 5.f3 c6 6.Be3 Qa5 7.Qd2 Na6 8.Nge2 O-O
9.Nc1 e5 10.Nb3 Qc7 11.Bh6 Qe7 12.Bxg7 Kxg7 13.O-O-O Be6 14.Be2 Rfd8 15.Qe3
Nh5 16.g3 Nc7 17.f4 exf4 18.gxf4 Qh4 19.f5 Bd7 20.Bxh5 Qxh5 21.Rhg1 Re8 22.Qf4
Qh6 23.f6+ {#r} 1-0

[Event "Ch Region"]
[Site "masterchessopen.com – Saratov (Russia)"]
[Date "2010.06.05"]
[Round "5"]
[White "Baitzurov Denis (RUS)"]
[Black "Vetryansky Vladimir (RUS)"]
[Result "0-1"]
[WhiteElo "2063"]
[BlackElo "2231"]

1.d4 Nf6 2.c4 g6 3.Nc3 Bg7 4.e4 d6 5.f3 c6 6.Be3 a6 7.Qd2 h5 8.Bd3 b5 9.Nge2
Nbd7 10.cxb5 axb5 11.d5 cxd5 12.Nxd5 Nxd5 13.exd5 Ba6 14.Bd4 Ne5 15.O-O O-O
16.Bxe5 dxe5 17.Be4 Kh7 18.d6 Qb6+ 19.Kh1 Rad8 20.d7 f5 21.Bc2 Rf6 22.Rad1 Rd6
23.Qg5 R8xd7 24.Rxd6 Qxd6 25.Bxf5 gxf5 26.Qxf5+ Kg8 27.Qxh5 b4 28.f4 Bxe2
29.Qxe2 exf4 30.Qc4+ e6 31.Rxf4 Qxf4 {#R} 0-1

[Event "Cup President"]
[Site "masterchessopen.com – Al Ain (United Arab Emirates)"]
[Date "2010.06.26"]
[Round "6"]
[White "Salem A R Saleh (UAE)"]
[Black "Alhuwar Jasem (UAE)"]
[Result "1-0"]
[WhiteElo "2501"]
[BlackElo "2265"]

1.d4 Nf6 2.c4 g6 3.Nc3 Bg7 4.e4 d6 5.f3 c6 6.Be3 a6 7.a4 a5 8.Bd3 Qc7 9.Qd2 e5
10.Nge2 Na6 11.Rc1 O-O 12.O-O Re8 13.Kh1 exd4 14.Bxd4 Nc5 15.Bc2 Be6 16.b3
Rad8 17.Ng3 Bc8 18.Rce1 Qb6 19.Qd1 Qb4 20.Nce2 Nfd7 21.f4 Bxd4 22.Nxd4 Ne6
23.Nde2 Nef8 24.f5 f6 25.h4 Re7 26.Nd4 Ne5 27.Rf4 Rg7 28.Ref1 Nfd7 29.Ne6 {#r}
1-0

[Event "It (open) (b)"]
[Site "masterchessopen.com – Dortmund (Germany)"]
[Date "2010.07.19"]
[Round "3"]
[White "Fistoul Boris"]
[Black "Bakshi Raj (GER)"]
[Result "0-1"]
[WhiteElo "1468"]
[BlackElo "1816"]

1.d4 Nf6 2.c4 d6 3.Nc3 g6 4.e4 Bg7 5.f3 c6 6.Be3 a6 7.a4 O-O 8.Nge2 Nbd7 9.Qd2
Rb8 10.Ng3 e5 11.d5 cxd5 12.Nxd5 Nxd5 13.cxd5 f5 14.Bh6 Nc5 15.Bxg7 Kxg7
16.Qc2 Qh4 17.O-O-O fxe4 18.Nxe4 Nxe4 19.Qxe4 Qg5+ 20.Rd2 Bf5 21.Qb4 Rfc8+
22.Kd1 Rc5 23.Bxa6 Rbc8 24.Qxb7+ R8c7 25.Qb6 Rc1+ 26.Ke2 Qxg2+ 27.Ke3 Qxh1
28.Qxd6 Re1+ 29.Re2 Qg1+ 30.Kd2 Qd4+ 31.Bd3 Rxe2+ 32.Kxe2 {#R} 0-1

[Event "It (open)"]
[Site "masterchessopen.com – Villa Martelli (Argentina)"]
[Date "2010.08.06"]
[Round "3"]
[White "Sanduay Nicolas (ARG)"]
[Black "Velazquez Gustavo (ARG)"]
[Result "0-1"]
[WhiteElo "2026"]
[BlackElo "2054"]

1.e4 d6 2.d4 g6 3.c4 Bg7 4.Nc3 Nf6 5.f3 c6 6.Be3 Nbd7 7.Qd2 O-O 8.O-O-O Qa5
9.Kb1 a6 10.g4 b5 11.Bh6 Bh8 12.Nd5 Qd8 13.Qa5 Nxd5 14.Qxd8 Rxd8 {#R} 0-1

[Event "Ch India (juniors) (under 09)"]
[Site "masterchessopen.com – Vastrapur (India)"]
[Date "2010.10.04"]
[Round "6"]
[White "Sankalp Baliarsingh (IND)"]
[Black "Nitish Belurkar (IND)"]
[Result "1-0"]
[WhiteElo "1620"]
[BlackElo "1649"]

1.d4 Nf6 2.c4 g6 3.Nc3 Bg7 4.e4 d6 5.f3 c6 6.Be3 a6 7.Bd3 b5 8.a3 Nbd7 9.Nge2
Rb8 10.Qd2 bxc4 11.Bxc4 e5 12.d5 c5 13.O-O O-O 14.b4 cxb4 15.axb4 Nb6 16.Bxa6
Bxa6 17.Rxa6 Nc4 18.Qc1 Rxb4 19.Na2 Nxe3 20.Nxb4 Nxf1 21.Kxf1 Ne8 22.Nc6 Qh4
23.Kg1 Bh6 24.Qf1 Nc7 25.g3 Qf6 26.Ra3 Nb5 27.Rb3 Nd4 28.Nexd4 exd4 29.f4 Bg7
30.e5 Qf5 31.Ne7+ Kh8 32.Nxf5 Kg8 {#r} 1-0

[Event "Tournament \"]
[Site "masterchessopen.com – Habana (Cuba)"]
[Date "2010.11.10"]
[Round "2"]
[White "Charon Mustelier Manuel (CUB)"]
[Black "Quesada Chow Ismael"]
[Result "1-0"]
[WhiteElo "2240"]
[BlackElo "2140"]

1.c4 Nf6 2.Nc3 g6 3.e4 d6 4.d4 Bg7 5.f3 c6 6.Be3 a6 7.Qd2 b5 8.cxb5 axb5 9.Bd3
Nbd7 10.Nge2 Nb6 11.O-O Nc4 12.Bxc4 bxc4 13.Bh6 O-O 14.Bxg7 Kxg7 15.Kh1 Qb6
16.Rfd1 Bb7 17.Ng3 h6 18.Nf1 Rad8 19.Ne3 Ba6 20.Qf2 Rb8 21.Rd2 e5 22.dxe5 dxe5
23.Rad1 Ne8 24.Re1 Nc7 25.Qh4 h5 26.Nf5+ Kg8 27.Qf6 gxf5 28.Qg5+ Kh8 29.Qxh5+
Kg8 30.Qg5+ Kh8 31.exf5 {#r} 1-0

[Event "It (open) (under 2300)"]
[Site "masterchessopen.com – Benidorm (Spain)"]
[Date "2010.12.04"]
[Round "2"]
[White "Cruz Lledo Pablo (ESP)"]
[Black "Montalban Galvez A (ESP)"]
[Result "0-1"]
[WhiteElo "2280"]
[BlackElo "2211"]

1.d4 Nf6 2.c4 g6 3.Nc3 Bg7 4.e4 d6 5.f3 c6 6.Nge2 a6 7.Be3 Nbd7 8.Qd2 b5 9.d5
cxd5 10.cxd5 Ne5 11.Nd4 Bd7 12.a3 Rc8 13.Na2 O-O 14.Be2 e6 15.dxe6 fxe6 16.O-O
d5 17.Bf4 Nc4 18.Bxc4 Rxc4 19.Be3 dxe4 20.Rad1 Qe8 21.Nb3 exf3 22.Rxf3 Bc6
23.Rff1 Rg4 24.g3 Ba8 25.Qd6 Nd5 26.Bc5 Nf4 27.Rxf4 Rfxf4 28.Qd8 Bc6 29.Nb4
Bf8 30.Qc7 Bd5 31.Nxd5 exd5 32.Bxf8 Qe3+ 33.Kg2 Qf3+ {#R} 0-1

[Event "Regionalliga SVM 2010/11"]
[Site "masterchessopen.com – Germany"]
[Date "2011.05.01"]
[Round "9"]
[White "Kirchner Gerd (GER)"]
[Black "Frank Wilhelm"]
[Result "1-0"]
[WhiteElo "2046"]
[BlackElo "1451"]

1.d4 Nf6 2.c4 g6 3.Nc3 Bg7 4.e4 d6 5.f3 c6 6.Bg5 a6 7.Qa4 Nbd7 8.Nge2 b5
9.cxb5 Nb6 10.Qc2 axb5 11.Ng3 O-O 12.Be2 Be6 13.b3 Rc8 14.O-O h6 15.Be3 Bd7
16.Rac1 Re8 17.a4 b4 18.Nd1 e5 19.dxe5 Rxe5 20.Qd2 Bf8 21.Qxb4 c5 22.Qd2 d5
23.Bf4 Re8 24.exd5 Nbxd5 25.Bxh6 Qb6 26.Bc4 Bc6 27.Bxf8 Kxf8 28.Qh6+ Kg8
29.Nc3 Ne3 30.Qxg6+ {#r} 1-0

[Event "Arab Games (w)"]
[Site "masterchessopen.com – Doha (Qatar)"]
[Date "2011.12.15"]
[Round "3"]
[White "Salem Amna (UAE)"]
[Black "Mona Khaled (EGY)"]
[Result "0-1"]
[WhiteElo "1697"]
[BlackElo "2109"]

1.d4 Nf6 2.c4 g6 3.Nc3 Bg7 4.e4 d6 5.f3 c6 6.Be3 a6 7.Bd3 b5 8.cxb5 axb5 9.a3
Nfd7 10.Qd2 b4 11.Nce2 Qb6 12.a4 c5 13.Bh6 O-O 14.Bxg7 Kxg7 15.d5 Ne5 16.f4
Nxd3+ 17.Qxd3 Nd7 18.g4 Ba6 19.Qd2 c4 20.Nf3 Nc5 21.Qd4+ Kg8 22.O-O Rfb8
23.Kg2 c3 24.Qd1 cxb2 25.Ra2 Nxa4 26.Re1 Bxe2 27.Rxe2 Nc3 {#R} 0-1

[Event "Tournament (Elo) (b)"]
[Site "masterchessopen.com – Budapest (Hungary)"]
[Date "2012.02.08"]
[Round "5"]
[White "Bohus Adam (HUN)"]
[Black "Mayer Istvan (HUN)"]
[Result "0-1"]
[WhiteElo "1693"]
[BlackElo "2069"]

1.d4 Nf6 2.c4 g6 3.Nc3 Bg7 4.e4 d6 5.f3 c6 6.Be3 Nbd7 7.Qd2 h6 8.O-O-O Qc7
9.Kb1 a6 10.h4 b5 11.g4 Bb7 12.h5 g5 13.c5 O-O-O 14.cxd6 exd6 15.Rc1 Kb8
16.Bxb5 cxb5 17.Nxb5 Qb6 18.Na3 Nxe4 19.Qh2 Ne5 20.dxe5 Qxe3 21.Nc4 Qd3+
22.Ka1 Rc8 23.fxe4 Rxc4 24.Ne2 Bxe5 25.Qf2 Rhc8 26.Rhe1 Qxe2 {#R} 0-1

[Event "It (open)"]
[Site "masterchessopen.com – Helmond (Netherlands)"]
[Date "2012.06.30"]
[Round "2"]
[White "Timman Jan H (NED)"]
[Black "Faber Hugo (NED)"]
[Result "1-0"]
[WhiteElo "2575"]
[BlackElo "2061"]

1.d4 Nf6 2.c4 g6 3.Nc3 Bg7 4.e4 d6 5.f3 c6 6.Be3 a6 7.e5 Nfd7 8.f4 c5 9.exd6
exd6 10.Nf3 O-O 11.Be2 Re8 12.Bf2 Nc6 13.O-O Nf6 14.dxc5 Ne4 15.Nxe4 Rxe4
16.cxd6 Bf5 17.Qd2 Qf6 18.Bd3 Ree8 19.Bxf5 Qxf5 20.Rfe1 Qf6 21.Rxe8+ Rxe8
22.d7 Rf8 23.Rd1 Qxb2 24.Qxb2 Bxb2 25.Rb1 Bf6 26.Rxb7 Nb8 {#r} 1-0

[Event "Tournament (open)"]
[Site "masterchessopen.com – Novokuznetsk (Russia)"]
[Date "2012.08.03"]
[Round "2"]
[White "Medvedev Emelian (RUS)"]
[Black "Kuzmichev Alexander (RUS)"]
[Result "1-0"]
[WhiteElo "2274"]
[BlackElo "2088"]

1.d4 Nf6 2.c4 g6 3.Nc3 Bg7 4.e4 d6 5.f3 c6 6.Be3 Nbd7 7.Qd2 h5 8.Nge2 Qc7 9.g3
e5 10.Bg2 exd4 11.Bxd4 Ne5 12.b3 h4 13.h3 hxg3 14.f4 Bh6 15.Be3 Ned7 16.Rd1
O-O 17.Nxg3 d5 18.cxd5 cxd5 19.e5 Re8 20.O-O d4 21.Qxd4 Bf8 22.Kh1 Qa5 23.Qd3
Nc5 24.Bxc5 Bxc5 25.exf6 Bxh3 26.Bd5 Be6 27.Bxe6 Rxe6 28.Nge4 Rae8 29.f5 gxf5
30.Qg3+ {#r} 1-0

[Event "Ch Paraibo"]
[Site "masterchessopen.com – Joao Pessoa (Brazil)"]
[Date "2012.08.04"]
[Round "3"]
[White "Francelli Derli"]
[Black "Macedo Maximo Valerio (BRA)"]
[Result "0-1"]
[WhiteElo "1644"]
[BlackElo "2056"]

1.d4 Nf6 2.c4 g6 3.Nc3 Bg7 4.e4 d6 5.f3 c6 6.Be3 Nbd7 7.Qd2 h6 8.Bd3 Qc7
9.Nge2 a6 10.O-O Kf8 11.f4 Ng4 12.f5 g5 13.h3 Nxe3 14.Qxe3 b5 15.cxb5 axb5
16.Rac1 b4 17.Nd5 Qb7 18.Nxb4 Qxb4 19.Rxc6 Bf6 20.Rfc1 Kg7 21.b3 Rxa2 22.Rxc8
Rxc8 23.Rxc8 Qxb3 24.Rc7 Ra1+ 25.Kh2 Rd1 26.Nc1 Qb2 27.Rc2 Bxd4 28.Qe2 Bg1+
29.Kg3 Qe5+ {#R} 0-1

[Event "Ch Netherlands (team) 2012/13"]
[Site "masterchessopen.com – Netherlands"]
[Date "2012.09.15"]
[Round "1"]
[White "Haast Mark (NED)"]
[Black "Ootes Lars (NED)"]
[Result "1-0"]
[WhiteElo "2278"]
[BlackElo "2335"]

1.d4 g6 2.e4 d6 3.c4 Nf6 4.Nc3 Bg7 5.f3 c6 6.Be3 a6 7.c5 O-O 8.Nge2 Nbd7
9.cxd6 exd6 10.Nf4 b5 11.Be2 Bb7 12.O-O Qe7 13.Qd2 Rfe8 14.Rfd1 Nb6 15.Rac1
Rad8 16.b3 Nbd5 17.Bf2 Nc7 18.Bf1 Qf8 19.Nce2 Nd7 20.Qa5 Rc8 21.b4 Ne6 22.Nxe6
fxe6 23.a4 Bf6 24.axb5 axb5 25.Qa7 Rc7 26.d5 exd5 27.exd5 c5 28.Qa5 Rec8
29.Nf4 Bd8 30.Ne6 Qf7 31.Nxd8 {#r} 1-0